000 00451nam a2200181Ia 4500
008 230524s9999 xx 000 0 und d
020 _a9788120329737
082 _a658.45
_bSHA
100 _aSangeeta Sharma
245 0 _aAdvertising : Planning And Implementation
250 _aIST
260 _aNEW DELHI
_bPHI
_c2008
300 _aXVI;461
500 _aQuantity Number: 2
650 _aManagement
700 _a Raghuvir Singh
942 _cBK
999 _c43319
_d43319